Top 30 Countries of The World by Area - Statistics

General Stats
  • This quiz has been taken 43 times
  • The average score is 28 of 30
Answer Stats
Area (km) Answer % Correct
2.78M Argentina
100%
7.741M Australia
100%
8.51M Brazil
100%
9.093M Canada
100%
9.596M China
100%
3.287M India
100%
1.964M Mexico
100%
1.564M Mongolia
100%
17.098M Russia
100%
1.904M Indonesia
97%
1.861M Sudan
97%
2.381M Algeria
95%
1.648M Iran
95%
1.759M Libya
95%
1.267M Niger
95%
2.149M Saudi Arabia
95%
9.525M United States of America
95%
2.344M Democratic Republic of The Congo
92%
1.219M South Africa
92%
1.246M Angola
90%
1.001M Egypt
90%
2.724M Kazakhstan
90%
1.24M Mali
90%
1,284M Chad
87%
1.138M Colombia
87%
1.285M Peru
85%
1.098M Bolivia
77%
1.104M Ethiopia
77%
1.030M Mauritania
77%
947.3K Tanzania
74%
No matching quizzes found
Score Distribution
Percent of People with Each Score
Percentile by Number Answered
Your Score History
You have not taken this quiz